| 000 | 00807nam a2200253 i 4500 | ||
|---|---|---|---|
| 001 | bg | ||
| 245 | 0 | 0 |
_aRynek wewnętrzny / _cUrząd Komitetu Integracji Europejskiej. |
| 260 |
_aWarszawa : _bUKIE, _c2003. |
||
| 490 | 1 |
_aO co pytamy najczęściej ; _v3 |
|
| 504 | _aBibliogr., wykaz aktów prawnych i źródeł internetowych. | ||
| 610 | 2 | 9 |
_aUnia Europejska _xa Polska _xrynek |
| 650 | 9 |
_aRynek _xUnia Europejska |
|
| 651 | 9 |
_aPolska _xa Unia Europejska _xrynek |
|
| 710 | 0 | _aUrząd Komitetu Integracji Europejskiej | |
| 830 | _aO co pytamy najczęściej ; | ||
| 020 | _a8389218739 (całość) | ||
| 040 | _cBPK | ||
| 041 | 0 | _apol | |
| 041 | 0 | _apol | |
| 080 | _a338:339](438:4-67)"1989/..." | ||
| 920 | _a83-89218-73-9 (całość) | ||
| 942 | _cKS | ||
| 008 | s pl f |000 0 pol | ||
| 999 |
_c43848 _d43848 |
||
| 856 |
_uhttp://koha.tu.koszalin.pl/cgi-bin/koha/opac-detail.pl?biblionumber=43848 _yKatalog online BPK |
||